| 000 | 01185nam a2200241Ia 4500 | ||
|---|---|---|---|
| 999 |
_c56151 _d56151 |
||
| 001 | 23252 | ||
| 003 | GE_BSU | ||
| 005 | 20220530110837.0 | ||
| 008 | 181216s1982||||ge |||||||||||||| ||geo|| | ||
| 040 | _cGE_BSU | ||
| 080 | _a94(560)"17 | ||
| 100 |
_aგიგინეიშვილი, ოთარ _913876 |
||
| 245 |
_aნარკვევები ოსმალეთის ისტორიიდან / _cოთარ გიგინეიშვილი ; რედ. ნ. ოკუჯავა; გ. წერეთლის სახ. აღმოსავლეთმცოდნეობის ინ-ტი. |
||
| 264 |
_aთბილისი : _bმეცნიერება, _c1982. |
||
| 300 |
_a175 გვ. ; _b20 სმ. |
||
| 501 | _aსაძიებლები: გვ. 168-174. | ||
| 520 | _aრეზ. რუს. | ||
| 541 | _h0,50თ. | ||
| 653 | _aოსმალეთის ისტორია 18 ს. | ||
| 700 |
_aოკუჯავა, ნ. _eრედაქტორი _913877 |
||
| 710 |
_aგ. წერეთლის სახ. აღმოსავლეთმცოდნეობის ინ-ტი. _913878 |
||
| 942 |
_cBK _2udc |
||